| 000 | 00809nas a2200241 i 4500 | ||
|---|---|---|---|
| 001 | 1857 | ||
| 003 | ES-MaACL | ||
| 005 | 20250728110708.0 | ||
| 007 | t| | ||
| 008 | 950801c1940 sp | | 1 ||pa d | ||
| 022 | _a0210-7112 | ||
| 245 | 0 | 0 |
_aRevista española de teología / _cConsejo Superior de Investigaciones Científicas, Instituto Francisco Suárez ; [dir. Leopoldo Eijo y Garay]. |
| 260 |
_aMadrid : _b[Instituto "Francisco Suárez"], _c1940- ( _fImp. Samarán) |
||
| 300 |
_a17 v. ; _c22 cm. |
||
| 310 | _aTrimestral | ||
| 362 | 0 | _aVol. 1, fasc 1 (oct. 1940)- | |
| 650 | 1 | 7 |
_aReligión _2embne _916797 |
| 700 | 1 |
_aEijo y Garay, Leopoldo. _946828 |
|
| 710 | 2 |
_aInstituto "Francisco Suárez" _95062 |
|
| 852 |
_aES-MaACL _jK-74 |
||
| 866 | 0 | _o1940-1956(1957). | |
| 999 |
_c1857 _d1857 |
||